| 000 | 00398nam a2200145Ia 4500 | ||
|---|---|---|---|
| 008 | 230312s9999||||xx |||||||||||||| ||und|| | ||
| 082 |
_a338.9 _bJAL-C |
||
| 100 | _aJalalzai Musa Khan . | ||
| 245 | 0 | _aCENTRAL ASIA | |
| 260 |
_bThe Frontier Post _aLahore _c1994 |
||
| 300 | _a403 | ||
| 546 | _aEng. | ||
| 650 |
_aEconomics _vRussia and Changing World , Central Asia in World Politics |
||
| 942 | _cBK | ||
| 999 |
_c2230 _d2230 |
||